Estudios sobre instrucción pública

Gorde:
Xehetasun bibliografikoak
Egile nagusia: Amunátegui, Miguel Luis (Egilea)
Formatua: Liburua
Hizkuntza:gaztelania
Argitaratua: Santiago Imprenta Nacional, calle de la Moneda, Núm. 1455 1897
Edizioa:2a. ed
Gaiak:
Etiketak: Etiketa erantsi
Etiketarik gabe, Izan zaitez lehena erregistro honi etiketa jartzen!

MARC

LEADER 00000nam a2200000 a 4500
001 UCJ5073
003 CL-VaPUC
008 070124e18970000CL |||||||||||||||||spa|d
082 0 4 |a 351.05  |b AMU  |2 21 
100 0 |a Amunátegui, Miguel Luis  |e author  |9 506140 
245 1 0 |a Estudios sobre instrucción pública 
250 |a 2a. ed 
300 |a 3 v 
942 |c BK 
945 |d 20070124 00:00:00  |a rinostro 
260 |a Santiago  |b Imprenta Nacional, calle de la Moneda, Núm. 1455  |c 1897 
600 0 |a Academia Chilena de la lengua   |9 415226 
600 0 7 |a INSTITUTO NACIONAL  |2 CL-VaPUC  |9 342453 
650 0 |a Educación pública  |9 309676 
650 7 |a MEMORIAS MINISTERIALES  |2 CL-VaPUC  |9 396559 
650 0 |a Justicia   |9 255408 
650 0 |a Historia de Chile   |9 322385 
650 0 |a Fuentes Históricas  |9 265141 
583 |a last modification  |c 20141106 02:13:55  |k Rodrigo Vera 
999 |c 321186  |d 321184 
952 |0 0  |1 0  |4 0  |6 351_050000000000000_AMU_1897  |7 0  |8 X  |9 399870  |a FDOBUD  |b FDOBUD  |d 2019-11-22  |h v.1  |i 1029665  |o 351.05 AMU 1897  |p 1029665  |r 2019-11-22  |w 2019-11-22  |y BK_X  |k BUD 
952 |0 0  |1 0  |4 0  |6 351_050000000000000_AMU_1897  |7 0  |8 X  |9 399871  |a FDOBUD  |b FDOBUD  |d 2019-11-22  |h v.2  |i 1029673  |o 351.05 AMU 1897  |p 1029673  |r 2019-11-22  |w 2019-11-22  |y BK_X  |k BUD 
952 |0 0  |1 0  |4 0  |6 351_050000000000000_AMU_1897  |7 0  |8 X  |9 399872  |a FDOBUD  |b FDOBUD  |d 2019-11-22  |h v.3  |i 1029681  |o 351.05 AMU 1897  |p 1029681  |r 2019-11-22  |w 2019-11-22  |y BK_X  |k BUD